000 00672cam a2200181 i 4500
005 20251113111224.0
008 250721s1998 ua gr 000 0 ara d
020 _a9771406353
082 1 4 _a189.33
_bغ ز ا
100 1 _aالغزالي، محمد
_eمؤلف.
245 1 0 _aحقيقة القومية العربية ؛
_bوأسطورة البعث العربي /
_cمحمد الغزالي.
264 3 1 _aالقاهرة :
_bنهضة مصر للطباعة والنشر والتوزيع،
_c1998.
300 _a237 صفحة.
650 1 7 _aالفلسفة الإسلامية.
650 1 7 _aفلسفة الغزالي.
942 _2ddc
_cBK
999 _c41581
_d41581